00225 a2200097 450000100060000008200170000610000140002324500540003726000260009130000100011764312 a620.0042 PEK aPeklaitis aEngineering Optimization methods and applications aN YbJohn Wielyc1983 a684 P